Sustainable development in a developing world (Record no. 498925)

MARC details
000 -LEADER
fixed length control field 00856nam a2200253Ia 4500
003 - CONTROL NUMBER IDENTIFIER
control field OSt
005 - DATE AND TIME OF LATEST TRANSACTION
control field 20220925181328.0
008 - FIXED-LENGTH DATA ELEMENTS--GENERAL INFORMATION
fixed length control field 220923b |||||||| |||| 00| 0 eng d
020 ## - INTERNATIONAL STANDARD BOOK NUMBER
International Standard Book Number 1858985811
037 ## - SOURCE OF ACQUISITION
Terms of availability General Book
040 ## - CATALOGING SOURCE
Original cataloging agency RTL
Transcribing agency RTL
Language of cataloging eng
041 ## - LANGUAGE CODE
Source of code eng
Language code of text/sound track or separate title eng
100 ## - MAIN ENTRY--PERSONAL NAME
Personal name Lee Norman
9 (RLIN) 253385
245 #0 - TITLE STATEMENT
Title Sustainable development in a developing world
Remainder of title Integrated socio-economic appraisal and environment assessment.
260 ## - PUBLICATION, DISTRIBUTION, ETC.
Place of publication, distribution, etc. Cheltenham
Name of publisher, distributor, etc. Edward Elgar
Date of publication, distribution, etc. 1997
300 ## - PHYSICAL DESCRIPTION
Extent xv, 261p Bibliography chapterwise
Dimensions cm.
650 ## - SUBJECT ADDED ENTRY--TOPICAL TERM
Topical term or geographic name entry element Economic Development
9 (RLIN) 17300
700 ## - ADDED ENTRY--PERSONAL NAME
Personal name Kirkpatrick Colin Ed.
9 (RLIN) 42586
942 ## - ADDED ENTRY ELEMENTS (KOHA)
Classification part X:77:(G:55).1(X).N9, N7
Koha item type General Books
Source of classification or shelving scheme Colon Classification (CC)
Holdings
Withdrawn status Lost status Damaged status Not for loan Home library Current library Date acquired Total Checkouts Full call number Barcode Date last seen Price effective from Koha item type
        Ratan Tata Library Ratan Tata Library 2022-09-25   X:77:(G:55).1(X).N9 N7 RT1136281 2022-09-25 2022-09-25 General Books
Copyright @ Delhi University Library System